Indian labour in the phase of industrialization (Record no. 366323)

000 -LEADER
fixed length control field 00345cam a22001217a 4500
008 - FIXED-LENGTH DATA ELEMENTS--GENERAL INFORMATION
fixed length control field 180718b1966 xxu||||| |||| 00| 0 eng d
082 ## - DEWEY DECIMAL CLASSIFICATION NUMBER
Classification number Rx54 G346
100 ## - MAIN ENTRY--PERSONAL NAME
Personal name Ghosh, Subratesh
245 ## - TITLE STATEMENT
Title Indian labour in the phase of industrialization
Statement of responsibility, etc. by Subratesh Ghosh
260 ## - PUBLICATION, DISTRIBUTION, ETC.
Place of publication, distribution, etc. Calcutta
Name of publisher, distributor, etc. New Age
Date of publication, distribution, etc. 1966
300 ## - PHYSICAL DESCRIPTION
Extent 194p.
650 ## - SUBJECT ADDED ENTRY--TOPICAL TERM
Topical term or geographic name entry element Labour - India
Holdings
Withdrawn status Lost status Damaged status Not for loan Permanent Location Current Location Date acquired Full call number Barcode Date last seen Price effective from Koha item type
        Indian Institute of Public Administration Indian Institute of Public Administration 1994-05-02 Rx54 G346 38970 2018-07-21 2018-07-21 Book

Powered by Koha